Stratégia ekonomickej reformy na ČSD.

Reformné požiadavky na dopravu vychádzajú zo súčasnej ekonomickej situácie ČSD. Vplyv reformnej stratégie vlády ČSFR na oblasť ČSD. Dominantnú úlohu pri ekonomickej reforme v železničnej doprave zohrá zmena vzťahov medzi štátom a podnikom ČSD. Úroveň hospodárskej a finančnej stability podniku ČSD a...

Ausführliche Beschreibung

Gespeichert in:
Bibliographische Detailangaben
1. Verfasser: Sivák, E.
Weitere Verfasser: Polena, Jan
Format: Buchkapitel
Sprache:Slowakisch
Schlagworte:
Tags: Tag hinzufügen
Keine Tags, Fügen Sie das erste Tag hinzu!

MARC

LEADER 00000naa a2200000 4500
001 r005444
005 20221125075604.7
041 0 |a slo 
044 |a [CS] 
245 1 0 |a Stratégia ekonomickej reformy na ČSD.  |c E. Sivák, Jan Polena 
520 |a Reformné požiadavky na dopravu vychádzajú zo súčasnej ekonomickej situácie ČSD. Vplyv reformnej stratégie vlády ČSFR na oblasť ČSD. Dominantnú úlohu pri ekonomickej reforme v železničnej doprave zohrá zmena vzťahov medzi štátom a podnikom ČSD. Úroveň hospodárskej a finančnej stability podniku ČSD a alternatívne kroky pri reforme. 
610 2 0 |a reformy hospodárske 
610 2 0 |a ČSD 
610 2 0 |a stratégia hospodárska 
610 2 0 |a doprava železničná 
610 2 0 |a ČSFR 
100 1 |a Sivák, E. 
700 1 |a Polena, Jan